00425 a2200109 4500082001200000100001700012245007600029260003200105300003300137500008800170856005700258 aMS-IT-9 aNoman Mazhar a802. 16j Network performance analysis and relay selectioncNoman Mazhar aIslamabadbNUST-SEECSc2012 a45p.b;ill.c;27cm.+eCD ROM aSupervisors: Dr. Anjum Naveed, Dr. Ali Khayyam, Dr. Shahzad Younis, Dr. Aamir Shafi uhttp://10.250.8.41:8080/xmlui/handle/123456789/31908